| 000 | 00593nam a2200193Ia 4500 | ||
|---|---|---|---|
| 003 | GCL | ||
| 008 | 140319s9999 xx 000 0 ara d | ||
| 040 |
_aGCL / _cGCL |
||
| 082 | 0 | 4 |
_a813.01 _bم س |
| 100 | 1 | _aبهاء السيد | |
| 245 | 1 | 0 |
_aالسفر فى الليل : مجموعة قصصية / _cبهاء السيد |
| 700 | 1 | _aمحمد الخضرى عبدالحميد | |
| 700 | 1 | _aالدواخلى طه | |
| 300 | _a124 ص | ||
| 490 |
_aكتابات جديدة _v0 |
||
| 650 | 0 | 4 | _aالادب العربى |
| 650 | 0 | 4 | _aالقصص العربية القصيرة |
| 942 |
_2ddc _cBK |
||
| 999 |
_c47037 _d47037 |
||